000 01304cam a2200337 4500
001 M2079
008 090401t1996 xxu||||| |||| 00| 0 eng d
035 _a(Sirsi) u36360
041 _aeng
050 _a333.332
090 _aRICS 1996/26A
110 _aRoyal Institution of Chartered Surveyors
_94900
245 _aRICS Annual Property Valuation Conference 1996 ... 26 March 1996, The New Connaught Rooms, Great Queen Street, London WC2.
260 _aLondon
_bRICS
_c1996
300 _a7 papers ; 30cm.
350 _a0
520 _aCONTENTS: Synopses / Biographical notes / Client requirements. - ANGEL, M. / Identifying possible contamination - guidance for the valuer. - WILBOURN, P. / Appraisal and valuation reporting. - BAKER, L. / Latest investment valuation methodologies and when to use them. - CROSBY, N. / A door hinge is never worm eaten. - BALDWIN, R.
650 _aCLIENTS REQUIREMENTS
650 _aCONTAMINATED LAND
650 _aDISCOUNTED CASH FLOW
650 _aENVIRONMENT ACT 1995
650 _aESTIMATED REALISATION PRICE
650 _aEXISTING USE VALUE
650 _aMARKET VALUE
650 _aOPEN MARKET VALUE
650 _aVALUATION METHODS
650 _aVALUATION REPORTS
690 _aRATING AND VALUATION
942 _n0
948 _c04/03/1997
999 _c90262
_d90262